| 000 | 006170000a22002530004500 | ||
|---|---|---|---|
| 082 |
_a657 _bW893f _cN |
||
| 518 | _a20030924 | ||
| 530 | _aM | ||
| 110 | _aThe World Bank | ||
| 245 | _aFinancial accountability in Nepal; a country assessment | ||
| 020 | _a0-8213-5441-8 | ||
| 260 |
_aWashington, D.C _bThe World Bank, USA |
||
| 260 | _c2003 | ||
| 300 | _axiii, 148p. | ||
| 041 | _aEng | ||
| 650 | _aAccounting | ||
| 650 | _aPublic finance | ||
| 650 | _aDebt | ||
| 650 | _aFinancial management | ||
| 651 | _aNepal | ||
| 650 | _aFinancial accountability | ||
| 650 | _aCountry assessment | ||
| 942 | _cGEN | ||
| 999 |
_c30339 _d30339 |
||